|
|
|
|
| LEADER |
00000cas a2200000 a 4500 |
| 001 |
vtls001479395 |
| 003 |
SK-MaSNL |
| 005 |
20260228161239.0 |
| 008 |
130912d19952005xo br p 0 0 0slo c |
| 022 |
|
|
|a 1335-8308
|
| 035 |
|
|
|a SNK000434693
|
| 035 |
|
|
|a (SVKBB03)vtls000034571
|
| 040 |
|
|
|a SNK
|b slo
|c SNK
|d SAVUK
|e AACR2
|
| 041 |
0 |
|
|a slo
|
| 044 |
|
|
|a xo
|c SK
|
| 072 |
|
7 |
|a 636
|x Chov zvierat. Živočíšna výroba
|2 konspekt
|
| 080 |
|
|
|a 636.98:597.2/.5
|2 2001
|
| 080 |
|
|
|a 636.90/.99.045
|2 2001
|
| 080 |
|
|
|a (051)379.81/.84
|2 2001
|
| 080 |
|
|
|a 050
|2 2001
|
| 210 |
0 |
|
|a Aquatera
|b (Banská Bystrica)
|
| 222 |
|
0 |
|a Aquatera
|b (Banská Bystrica)
|
| 245 |
0 |
0 |
|a Aquatera
|b časopis pre akvaristov a teraristov
|
| 260 |
|
|
|a Banská Bystrica
|b Miroslav Konôpka - MaV
|c 1995-2005
|
| 300 |
|
|
|a 11 zv.
|c 21 cm
|
| 310 |
|
|
|a 6x ročne
|
| 362 |
0 |
|
|a Roč. 1 (1995) -roč. XI, č. 1 (2005)
|
| 500 |
|
|
|a Názov z obalu
|
| 500 |
|
|
|a Popis podľa: Roč. 10, 1 (2004)
|
| 500 |
|
|
|a Šéfredaktor: Miroslav Konôpka
|
| 500 |
|
|
|a Reg. č.: MK SR 1268/95
|
| 650 |
0 |
7 |
|a akvaristika
|2 SNKPH
|9 27735
|
| 650 |
0 |
7 |
|a teraristika
|2 SNKPH
|9 2831
|
| 650 |
0 |
7 |
|a Aquaristics
|2 SNKPHeng
|9 100781
|
| 650 |
0 |
7 |
|a Vivarium
|2 SNKPHeng
|9 268278
|
| 655 |
|
7 |
|a záujmové časopisy
|2 SNKPH
|9 70804
|
| 655 |
|
7 |
|a interest magazines
|2 SNKPHeng
|9 268279
|
| 770 |
0 |
|
|t Atlas korytnačiek sveta
|
| 910 |
|
|
|a savuk
|
| 910 |
|
|
|a snk
|
| 999 |
|
|
|c 4789
|d 6719
|
| 952 |
|
|
|0 0
|1 0
|4 0
|7 0
|a SNK
|b SNK
|d 2024-10-23
|i snk2001/1184
|l 0
|o snkČSD 2203/1/1995 D1
|p 17A1317782
|r 2026-02-21 19:50:24
|t č. 1-6, neúplné
|w 2026-02-21
|y PREZ
|z chýba č. 4-6
|
| 952 |
|
|
|0 0
|1 0
|4 0
|7 0
|8 0
|a SNK
|b SNK
|d 2004-07-27
|f 1
|i snk2013/21196
|l 0
|o snkČSD 2203/5/1999
|p 17A0858559
|r 2005-01-02 00:00:00
|t č. 1-6
|w 2026-02-21
|y PREZ
|
| 952 |
|
|
|0 0
|1 0
|4 0
|7 0
|8 0
|a SNK
|b SNK
|d 2004-07-27
|i snk2013/21205
|l 0
|o snkČSD 2203/5/1999 D1
|p 17A1317555
|r 2005-01-02 00:00:00
|t č. 1-6
|w 2026-02-21
|y PREZ
|
| 952 |
|
|
|0 0
|1 0
|4 0
|7 0
|8 0
|a SNK
|b SNK
|d 2004-09-28
|f 1
|i snk2013/21210
|l 0
|o snkČSD 2203/6/2000
|p 17A0858561
|r 2005-01-02 00:00:00
|t č. 1-6
|w 2026-02-21
|y PREZ
|
| 952 |
|
|
|0 0
|1 0
|4 0
|7 0
|8 0
|a SNK
|b SNK
|d 2004-09-28
|f 1
|i snk2013/21215
|l 0
|o snkČSD 2203/7/2001
|p 17A0858563
|r 2005-01-02 00:00:00
|t č. 1-6, neúplné
|w 2026-02-21
|y PREZ
|z chýba č. 4
|
| 952 |
|
|
|0 0
|1 0
|4 0
|7 0
|a SNK
|b SNK
|d 2015-04-13
|f 1
|i snkČSP 1183/2001
|l 0
|o snkČSD 2203/1/1995
|p 17A0882342
|r 2026-02-21 21:25:59
|t č. 1-6, neúplné
|w 2026-02-21
|y PREZ
|z chýba č. 4-6
|
| 952 |
|
|
|0 0
|1 0
|4 0
|7 0
|a SNK
|b SNK
|d 2015-04-13
|f 1
|i snkČSP 1686/2000
|l 0
|o snkČSD 2203/2/1996
|p 17A0882341
|r 2026-02-21 21:25:59
|t č. 1-6
|w 2026-02-21
|y PREZ
|
| 952 |
|
|
|0 0
|1 0
|4 0
|7 0
|a SNK
|b SNK
|d 2015-04-13
|i snkČSP 1688/2000
|l 0
|o snkČSD 2203/3/1997
|p 17A0882340
|r 2026-02-21 21:25:59
|t č. 1-6
|w 2026-02-21
|y PREZ
|
| 952 |
|
|
|0 0
|1 0
|4 0
|7 0
|a SNK
|b SNK
|d 2015-04-13
|f 1
|i snkČSP 1690/2000
|l 0
|o snkČSD 2203/4/1998
|p 17A0882339
|r 2026-02-21 21:25:59
|t č. 1-6
|w 2026-02-21
|y PREZ
|
| 952 |
|
|
|0 0
|1 0
|4 0
|7 0
|8 0
|a SNK
|b SNK
|d 2013-09-12
|i snk2013/21212
|l 0
|o snkČSD 2203/6/2000 D1
|p 17A1317554
|r 2026-02-21 21:31:10
|t č. 1-6
|w 2026-02-21
|y PREZ
|
| 952 |
|
|
|0 0
|1 0
|4 0
|7 0
|8 0
|a SNK
|b SNK
|d 2013-09-12
|i snk2013/21222
|l 0
|o snkČSD 2203/7/2001 D1
|p 17A0858564
|r 2026-02-21 21:31:11
|t č. 1-6, neúplné
|w 2026-02-21
|y PREZ
|z chýba č. 4
|
| 952 |
|
|
|0 0
|1 0
|4 0
|7 0
|8 0
|a SNK
|b SNK
|d 2013-09-12
|f 1
|i snk2013/21224
|l 0
|o snkČSD 2203/8/2002
|p 17A0858565
|r 2026-02-21 21:31:11
|t č. 1-6
|w 2026-02-21
|y PREZ
|
| 952 |
|
|
|0 0
|1 0
|4 0
|7 0
|8 0
|a SNK
|b SNK
|d 2013-09-12
|i snk2013/21229
|l 0
|o snkČSD 2203/8/2002 D1
|p 17A0858566
|r 2026-02-21 21:31:11
|t č. 1-5, neúplné
|w 2026-02-21
|y PREZ
|z chýba č. 6
|
| 952 |
|
|
|0 0
|1 0
|4 0
|7 0
|8 0
|a SNK
|b SNK
|d 2013-09-12
|f 1
|i snk2013/21232
|l 0
|o snkČSD 2203/9/2003
|p 17A0858567
|r 2026-02-21 21:31:11
|t č. 1-6
|w 2026-02-21
|y PREZ
|
| 952 |
|
|
|0 0
|1 0
|4 0
|7 0
|8 0
|a SNK
|b SNK
|d 2013-09-12
|i snk2013/21237
|l 0
|o snkČSD 2203/9/2003 D1
|p 17A0858568
|r 2026-02-21 21:31:11
|t č. 1-4, neúplné
|w 2026-02-21
|y PREZ
|z chýba č. 5-6
|
| 952 |
|
|
|0 0
|1 0
|4 0
|7 0
|8 0
|a SNK
|b SNK
|d 2013-09-12
|f 1
|i snk2013/21238
|l 0
|o snkČSD 2203/10/2004
|p 17A0858569
|r 2026-02-21 21:31:11
|t č. 1-3
|w 2026-02-21
|y PREZ
|
| 952 |
|
|
|0 0
|1 0
|4 0
|7 0
|8 0
|a SNK
|b SNK
|d 2013-09-12
|i snk2013/21239
|l 0
|o snkČSD 2203/10/2004 D1
|p 17A0858570
|r 2026-02-21 21:31:11
|t č. 1-3
|w 2026-02-21
|y PREZ
|
| 952 |
|
|
|0 0
|1 0
|4 0
|7 0
|8 0
|a SNK
|b SNK
|d 2013-09-12
|f 1
|i snk2013/21240
|l 0
|o snkČSD 2203/11/2005
|p 17A0858571
|r 2026-02-21 21:31:11
|t č. 1
|w 2026-02-21
|y PREZ
|
| 952 |
|
|
|0 0
|1 0
|4 0
|7 0
|8 0
|a SNK
|b SNK
|d 2013-09-12
|i snk2013/21241
|l 0
|o snkČSD 2203/11/2005 D1
|p 17A0858572
|r 2026-02-21 21:31:11
|t č. 1
|w 2026-02-21
|y PREZ
|